[Event "Herlev "]
[Site "Herlev"]
[Date "1997.??.??"]
[Round "2"]
[White "Aagaard, Jacob"]
[Black "Hartung Nielsen, Jens"]
[Result "1-0"]
[WhiteElo "2440"]
[BlackElo "2245"]
[PlyCount "55"]
[EventDate "1997.??.??"]
[EventType "swiss"]
[EventRounds "9"]
[EventCountry "DEN"]
[Source "ChessBase"]
[SourceDate "1998.11.10"]

1. d4 Nf6 2. c4 e6 3. Nc3 Bb4 4. f3 Nh5 5. Nh3 f5 6. e4 fxe4 7. fxe4 Qh4+ 8.
Nf2 O-O 9. Be3 Bxc3+ 10. bxc3 Rxf2 11. Bxf2 Qxe4+ 12. Qe2 Qg6 13. Qf3 Nf6 14.
Bd3 Qg4 15. Qe3 d6 16. h3 Qh5 17. O-O Qe8 18. Bh4 Nbd7 19. Rf2 Rb8 20. Raf1 Qe7
21. g4 h6 22. g5 hxg5 23. Qxg5 e5 24. Qg6 e4 25. Bxf6 Nxf6 26. Rxf6 exd3 27.
Rf7 Qe3+ 28. R1f2 1-0

[Event "Herlev "]
[Site "Herlev"]
[Date "1997.??.??"]
[Round "4"]
[White "Aagaard, Jacob"]
[Black "Henrichsen, Jens"]
[Result "1-0"]
[WhiteElo "2440"]
[BlackElo "2070"]
[PlyCount "75"]
[EventDate "1997.??.??"]
[EventType "swiss"]
[EventRounds "9"]
[EventCountry "DEN"]
[Source "ChessBase"]
[SourceDate "1998.11.10"]

1. e4 e6 2. d3 c5 3. Nf3 Nc6 4. g3 g6 5. d4 cxd4 6. Nxd4 a6 7. Nc3 Bg7 8. Nde2
Nge7 9. Bg2 O-O 10. O-O d6 11. a4 Qc7 12. h4 b6 13. h5 Bb7 14. h6 Bh8 15. Bg5
Ne5 16. Qe1 f6 17. Bd2 Rac8 18. Nd4 Qd7 19. Rd1 Ba8 20. Qe2 Nc4 21. Bh3 f5 22.
Bc1 e5 23. Nf3 b5 24. axb5 axb5 25. b3 b4 26. bxc4 bxc3 27. Ba3 Rf6 28. c5 Qa4
29. cxd6 Qxa3 30. d7 Rd8 31. Qc4+ Kf8 32. Ng5 Nc6 33. Nxh7+ Ke7 34. Nxf6 Bxf6
35. exf5 Nd4 36. Rxd4 exd4 37. Qe6+ Kf8 38. Qxf6+ 1-0

[Event "Herlev "]
[Site "Herlev"]
[Date "1997.??.??"]
[Round "8"]
[White "Andersen, Ejnar"]
[Black "Christensen, Bo Garner"]
[Result "0-1"]
[WhiteElo "2040"]
[BlackElo "2225"]
[PlyCount "80"]
[EventDate "1997.??.??"]
[EventType "swiss"]
[EventRounds "9"]
[EventCountry "DEN"]
[Source "ChessBase"]
[SourceDate "1998.11.10"]

1. g3 Nf6 2. Bg2 g6 3. d4 Bg7 4. c4 O-O 5. Nc3 d6 6. e3 Nc6 7. Nge2 a6 8. b3
Rb8 9. Bb2 Bd7 10. a4 e5 11. O-O Re8 12. h3 Qc8 13. Kh2 Nd8 14. d5 h5 15. Rc1
b6 16. e4 Nh7 17. Qd2 f5 18. f3 Nf7 19. Rc2 Bh6 20. Qd3 Nhg5 21. Ng1 f4 22. g4
hxg4 23. fxg4 Bxg4 24. hxg4 Qxg4 25. Nh3 Kg7 26. Rcf2 Rh8 27. Nd1 Kg8 28. Rf3
Bg7 29. Ndf2 Qh4 30. Bc1 Bf6 31. Kg1 Kg7 32. Qe2 Rh7 33. Rd3 Rbh8 34. Nd1 Nxh3+
35. Rxh3 Qxh3 36. Bxh3 Rxh3 37. Ne3 Rh1+ 38. Kf2 R8h2+ 39. Ng2 Bh4+ 40. Kf3
Rh3+ 0-1

[Event "Herlev "]
[Site "Herlev"]
[Date "1997.??.??"]
[Round "4"]
[White "Andersen, Ejnar"]
[Black "Hoi, Carsten"]
[Result "0-1"]
[WhiteElo "2040"]
[BlackElo "2420"]
[PlyCount "80"]
[EventDate "1997.??.??"]
[EventType "swiss"]
[EventRounds "9"]
[EventCountry "DEN"]
[Source "ChessBase"]
[SourceDate "1998.11.10"]

1. d4 Nf6 2. g3 d5 3. Bg2 Bf5 4. Nf3 e6 5. O-O h6 6. c4 c6 7. Bf4 Nbd7 8. Nc3
Be7 9. cxd5 exd5 10. Nd2 O-O 11. e4 dxe4 12. Ncxe4 Nxe4 13. Nxe4 Nf6 14. Nc3
Be6 15. Re1 Re8 16. Rc1 Qd7 17. Qa4 a6 18. Re5 Bd6 19. d5 Bxe5 20. dxc6 bxc6
21. Bxe5 Nd5 22. Ne4 Bh3 23. Nc5 Qf5 24. Bxh3 Qxe5 25. Qxc6 Qxb2 26. Nxa6 Ne7
27. Qc5 Rxa6 28. Re1 Qb6 29. Qc4 Qd6 30. a4 Rea8 31. Qe2 Ng6 32. Bg2 Rd8 33.
Qh5 Rb6 34. Qf5 Qd2 35. Rf1 Ra6 36. Bf3 Rf6 37. Qe4 Re6 38. Qb1 Rde8 39. Qb5
Re1 40. a5 R1e5 0-1

[Event "Herlev "]
[Site "Herlev"]
[Date "1997.??.??"]
[Round "7"]
[White "Christensen, Bo Garner"]
[Black "Lund, Silas"]
[Result "0-1"]
[WhiteElo "2225"]
[BlackElo "2120"]
[PlyCount "62"]
[EventDate "1997.??.??"]
[EventType "swiss"]
[EventRounds "9"]
[EventCountry "DEN"]
[Source "ChessBase"]
[SourceDate "1998.11.10"]

1. e4 c6 2. c4 d5 3. cxd5 cxd5 4. exd5 Nf6 5. Qa4+ Nbd7 6. Nc3 g6 7. Bc4 Bg7 8.
d3 a6 9. Be3 Rb8 10. Qd1 b5 11. Bb3 Bb7 12. Nge2 b4 13. Ne4 Nxd5 14. O-O O-O
15. Qd2 Nxe3 16. fxe3 Qb6 17. N2g3 h5 18. Qf2 Bh6 19. Rae1 Ne5 20. Nf5 gxf5 21.
Qxf5 Bxe4 22. Qxe4 Ng6 23. Rf3 Kg7 24. Rg3 h4 25. Qxh4 Bxe3+ 26. Kh1 Rh8 27.
Qc4 Rxh2+ 28. Kxh2 Rh8+ 29. Rh3 Bf4+ 30. Kh1 Rxh3+ 31. gxh3 Qf2 0-1

[Event "Herlev "]
[Site "Herlev"]
[Date "1997.??.??"]
[Round "9"]
[White "Christensen, Bo Garner"]
[Black "Nilsson, Nils Specht"]
[Result "1-0"]
[WhiteElo "2225"]
[BlackElo "2225"]
[PlyCount "55"]
[EventDate "1997.??.??"]
[EventType "swiss"]
[EventRounds "9"]
[EventCountry "DEN"]
[Source "ChessBase"]
[SourceDate "1998.11.10"]

1. e4 d5 2. exd5 Nf6 3. d4 Nxd5 4. c4 Nf6 5. Nc3 g6 6. Nf3 Bg7 7. Be2 O-O 8.
Be3 Ng4 9. O-O Nxe3 10. fxe3 Bg4 11. Qb3 Nd7 12. c5 b6 13. Ng5 e6 14. Nxf7 Rxf7
15. Bxg4 Nf8 16. Rxf7 Kxf7 17. Rf1+ Ke7 18. c6 h5 19. Be2 Bh6 20. Ne4 Qe8 21.
Qa3+ Kd8 22. Nd6 Bxe3+ 23. Kh1 Qxc6 24. Rxf8+ Kd7 25. Rf7+ Kd8 26. Nc4 Bh6 27.
Qe7+ Kc8 28. Nd6+ 1-0

[Event "Herlev "]
[Site "Herlev"]
[Date "1997.??.??"]
[Round "5"]
[White "Christensen, Bo Garner"]
[Black "Jakobsen, Ole"]
[Result "0-1"]
[WhiteElo "2225"]
[BlackElo "2370"]
[PlyCount "78"]
[EventDate "1997.??.??"]
[EventType "swiss"]
[EventRounds "9"]
[EventCountry "DEN"]
[Source "ChessBase"]
[SourceDate "1998.11.10"]

1. d4 Nf6 2. c4 c5 3. d5 g6 4. Nc3 d6 5. e4 Bg7 6. Nf3 O-O 7. h3 Na6 8. Bg5 e6
9. Be2 h6 10. Be3 exd5 11. cxd5 Re8 12. Nd2 Nc7 13. Qc2 Rb8 14. a4 b6 15. O-O
a6 16. Nc4 b5 17. Na5 Bd7 18. axb5 axb5 19. Bf3 b4 20. Ne2 Nb5 21. Nc4 Qe7 22.
Ng3 Nh7 23. e5 Bxe5 24. Nxe5 Qxe5 25. Bxh6 Ng5 26. Qd1 Nd4 27. Bg4 Bb5 28. Re1
Qxd5 29. h4 Nh7 30. h5 Rxe1+ 31. Qxe1 Re8 32. Qd1 g5 33. Nf5 Bc6 34. f3 Nf6 35.
Nxd4 cxd4 36. Bh3 Nxh5 37. Rc1 Nf4 38. Rc2 Ba4 39. Bg4 d3 0-1

[Event "Herlev "]
[Site "Herlev"]
[Date "1997.??.??"]
[Round "8"]
[White "Christensen, Tobias"]
[Black "Hoi, Carsten"]
[Result "1-0"]
[WhiteElo "2395"]
[BlackElo "2420"]
[PlyCount "81"]
[EventDate "1997.??.??"]
[EventType "swiss"]
[EventRounds "9"]
[EventCountry "DEN"]
[Source "ChessBase"]
[SourceDate "1998.11.10"]

1. e4 g6 2. f4 d5 3. exd5 Nf6 4. Nc3 Nxd5 5. Nxd5 Qxd5 6. Qf3 Qxf3 7. Nxf3 Bg7
8. d4 O-O 9. Be3 Nd7 10. Bd3 Nf6 11. Ne5 Bf5 12. Bxf5 gxf5 13. O-O-O e6 14. h3
Nd5 15. Bd2 Bxe5 16. fxe5 f6 17. Rhe1 b5 18. Bh6 Rfe8 19. g4 Kf7 20. exf6 Kxf6
21. Re5 c6 22. Rde1 fxg4 23. hxg4 Rac8 24. Bg5+ Kf7 25. Rh1 Kg8 26. Rh6 c5 27.
dxc5 Rxc5 28. Be3 Rc4 29. Bxa7 Ra8 30. Rg5+ Kh8 31. Rxe6 Nf4 32. Re7 Ng6 33.
Rb7 Rac8 34. c3 b4 35. Rd5 bxc3 36. Bd4+ Kg8 37. Bxc3 Nf4 38. Rg5+ Ng6 39. Rf5
Rxg4 40. Rg7+ Kh8 41. Rc7+ 1-0

[Event "Herlev "]
[Site "Herlev"]
[Date "1997.??.??"]
[Round "7"]
[White "Christensen, Tobias"]
[Black "Sorensen, Torben N"]
[Result "0-1"]
[WhiteElo "2395"]
[BlackElo "2300"]
[PlyCount "78"]
[EventDate "1997.??.??"]
[EventType "swiss"]
[EventRounds "9"]
[EventCountry "DEN"]
[Source "ChessBase"]
[SourceDate "1998.11.10"]

1. e4 e5 2. f4 exf4 3. Bc4 Nc6 4. Nc3 Nf6 5. Nf3 Bb4 6. Nd5 O-O 7. c3 Be7 8. d4
Nxe4 9. Bxf4 Bd6 10. Be3 Ne7 11. Qd3 Nxd5 12. Bxd5 Nf6 13. Ng5 h6 14. O-O hxg5
15. Bxg5 Be7 16. Bxf6 Bxf6 17. Rf5 d6 18. Rh5 Re8 19. Rf1 Bg4 20. Qh7+ Kf8 21.
Rh6 Be6 22. Rhxf6 gxf6 23. Bxb7 d5 24. Qh6+ Ke7 25. Bxa8 Qxa8 26. Qxf6+ Kd7 27.
Qe5 Rg8 28. h3 Qf8 29. Rf3 c6 30. Qe2 Qh6 31. Kh2 Qg5 32. b4 Bf5 33. b5 Be4 34.
Rxf7+ Ke6 35. Rf3 cxb5 36. g4 Qh4 37. Rf2 Rc8 38. Qf1 Rxc3 39. Rf8 Rc2+ 0-1

[Event "Herlev "]
[Site "Herlev"]
[Date "1997.??.??"]
[Round "5"]
[White "Christensen, Tobias"]
[Black "Larsen, Karsten"]
[Result "1/2-1/2"]
[WhiteElo "2395"]
[BlackElo "2175"]
[PlyCount "39"]
[EventDate "1997.??.??"]
[EventType "swiss"]
[EventRounds "9"]
[EventCountry "DEN"]
[Source "ChessBase"]
[SourceDate "1998.11.10"]

1. f4 d5 2. Nf3 Nf6 3. g3 Nc6 4. d4 Bf5 5. Bg2 e6 6. c3 Bd6 7. Be3 O-O 8. Nbd2
Ne4 9. Ne5 Nxd2 10. Qxd2 Na5 11. b3 f6 12. Nd3 b6 13. O-O Rc8 14. Nb2 Qe7 15.
Bf2 Rfd8 16. b4 Nb7 17. Nc4 c6 18. Ne3 Bb8 19. c4 Be4 20. Bxe4 1/2-1/2

[Event "Herlev "]
[Site "Herlev"]
[Date "1997.??.??"]
[Round "1"]
[White "Christensen, Tobias"]
[Black "Nilsson, Nils Specht"]
[Result "1-0"]
[WhiteElo "2360"]
[BlackElo "2130"]
[PlyCount "77"]
[EventDate "1997.??.??"]
[EventType "swiss"]
[EventRounds "9"]
[EventCountry "DEN"]
[Source "ChessBase"]
[SourceDate "1998.11.10"]

1. e4 c5 2. c3 d5 3. exd5 Qxd5 4. d4 Nf6 5. Nf3 Bg4 6. Qa4+ Nc6 7. Bc4 Qd7 8.
dxc5 Bxf3 9. gxf3 g6 10. Be3 Bg7 11. Nd2 O-O 12. O-O-O Qf5 13. Qc2 Qxc2+ 14.
Kxc2 Ne5 15. Bd4 Nxc4 16. Nxc4 Rac8 17. Rhe1 Rfe8 18. b4 b6 19. Kb3 bxc5 20.
Bxc5 Rc7 21. Rd3 Nd7 22. Bd6 Rxc4 23. Kxc4 Rc8+ 24. Bc5 Ne5+ 25. Rxe5 Bxe5 26.
h3 a5 27. Kb5 axb4 28. cxb4 Rb8+ 29. Kc4 Ra8 30. Kb3 Bd6 31. Bxd6 Rd8 32. a4
exd6 33. a5 Kf8 34. Re3 f5 35. b5 f4 36. Re1 d5 37. a6 d4 38. Kc2 d3+ 39. Kd2
1-0

[Event "Herlev "]
[Site "Herlev"]
[Date "1997.??.??"]
[Round "3"]
[White "Christensen, Tobias"]
[Black "Hartvig, Ove Weiss"]
[Result "1-0"]
[WhiteElo "2395"]
[BlackElo "2290"]
[PlyCount "69"]
[EventDate "1997.??.??"]
[EventType "swiss"]
[EventRounds "9"]
[EventCountry "DEN"]
[Source "ChessBase"]
[SourceDate "1998.11.10"]

1. e4 c6 2. Nc3 d5 3. Nf3 Bg4 4. h3 Bh5 5. Be2 e6 6. O-O Nf6 7. e5 Nfd7 8. d4
Be7 9. Be3 c5 10. Nb5 Nc6 11. c4 dxc4 12. d5 exd5 13. Qxd5 Ndxe5 14. Nxe5 Qxd5
15. Nc7+ Kf8 16. Nxd5 Bxe2 17. Nxc6 bxc6 18. Nxe7 Bxf1 19. Bxc5 Bd3 20. Re1 h5
21. Ng6+ Kg8 22. Nxh8 Kxh8 23. Re7 c3 24. bxc3 Bc4 25. a4 a5 26. Re5 g6 27. g4
hxg4 28. hxg4 f6 29. Re7 Bb3 30. Bd4 Bxa4 31. g5 Bb3 32. gxf6 Kg8 33. Rg7+ Kf8
34. Bc5+ Ke8 35. Re7+ 1-0

[Event "Herlev "]
[Site "Herlev"]
[Date "1997.??.??"]
[Round "3"]
[White "El Kher, Henrik"]
[Black "Aagaard, Jacob"]
[Result "1-0"]
[WhiteElo "2270"]
[BlackElo "2440"]
[PlyCount "120"]
[EventDate "1997.??.??"]
[EventType "swiss"]
[EventRounds "9"]
[EventCountry "DEN"]
[Source "ChessBase"]
[SourceDate "1998.11.10"]

1. e4 e6 2. d4 d5 3. Nd2 Nf6 4. e5 Nfd7 5. Bd3 c5 6. c3 Nc6 7. Ne2 Qb6 8. Nf3
cxd4 9. cxd4 f6 10. exf6 Nxf6 11. O-O Bd6 12. Nc3 O-O 13. Re1 Bd7 14. a3 Kh8
15. Bc2 Ng4 16. Qd3 g6 17. h3 Rxf3 18. gxf3 Nf6 19. Bg5 Nh5 20. Ne2 Rf8 21. Ba4
Rf5 22. h4 e5 23. Qb5 Qxb5 24. Bxb5 Rxf3 25. dxe5 Bc5 26. Bxc6 Rxf2 27. Nd4
Bxc6 28. Kxf2 Bxd4+ 29. Kf3 Bxb2 30. Ra2 Bc3 31. Bd2 d4+ 32. Kf2 Bd5 33. Rc2
Bb3 34. Bxc3 Bxc2 35. Bxd4 Kg8 36. e6 Kf8 37. Bxa7 Nf4 38. Kg3 Nd3 39. e7+ Ke8
40. Re3 h6 41. Re6 g5 42. h5 Nf4 43. Rxh6 Kxe7 44. Be3 Ne6 45. Kg4 Bd1+ 46. Kf5
Ng7+ 47. Kxg5 Nxh5 48. Rh7+ Ke6 49. Rxb7 Ng3 50. Rb4 Be2 51. Kf4 Nh5+ 52. Ke4
Nf6+ 53. Kd4 Kd7 54. Bg5 Ne8 55. Kc5 Nc7 56. Rd4+ Kc8 57. Kb6 Ne6 58. Re4 Nxg5
59. Rxe2 Nf7 60. Rb2 Kd7 1-0

[Event "Herlev "]
[Site "Herlev"]
[Date "1997.??.??"]
[Round "9"]
[White "El Kher, Henrik"]
[Black "Hartvig, Ove Weiss"]
[Result "1/2-1/2"]
[WhiteElo "2305"]
[BlackElo "2290"]
[PlyCount "22"]
[EventDate "1997.??.??"]
[EventType "swiss"]
[EventRounds "9"]
[EventCountry "DEN"]
[Source "ChessBase"]
[SourceDate "1998.11.10"]

1. e4 c6 2. c4 e5 3. Nf3 f5 4. exf5 e4 5. Nd4 Qf6 6. Ne2 Bc5 7. Ng3 d5 8. cxd5
Bxf5 9. d4 exd3 10. Nxf5 Qxf5 11. Be3 Bxe3 1/2-1/2

[Event "Herlev "]
[Site "Herlev"]
[Date "1997.??.??"]
[Round "7"]
[White "El Kher, Henrik"]
[Black "Larsen, Karsten"]
[Result "1/2-1/2"]
[WhiteElo "2305"]
[BlackElo "2175"]
[PlyCount "25"]
[EventDate "1997.??.??"]
[EventType "swiss"]
[EventRounds "9"]
[EventCountry "DEN"]
[Source "ChessBase"]
[SourceDate "1998.11.10"]

1. d4 c5 2. d5 Nf6 3. c4 g6 4. Nc3 d6 5. e4 Bg7 6. Bd3 O-O 7. Nf3 e5 8. Bg5 h6
9. Bh4 a6 10. Nd2 Qe8 11. a3 Nh5 12. f3 Nf4 13. Bf1 1/2-1/2

[Event "Herlev "]
[Site "Herlev"]
[Date "1997.??.??"]
[Round "1"]
[White "El Kher, Henrik"]
[Black "Sperber, Lennart"]
[Result "1-0"]
[WhiteElo "2195"]
[BlackElo "1875"]
[PlyCount "55"]
[EventDate "1997.??.??"]
[EventType "swiss"]
[EventRounds "9"]
[EventCountry "DEN"]
[Source "ChessBase"]
[SourceDate "1998.11.10"]

1. e4 c5 2. Nf3 Nc6 3. Bb5 g6 4. O-O Bg7 5. Bxc6 bxc6 6. d3 d6 7. h3 e5 8. a3
Ne7 9. b4 cxb4 10. axb4 O-O 11. Nbd2 f5 12. c3 h6 13. b5 Be6 14. bxc6 Nxc6 15.
Ba3 Rf7 16. Qa4 Rc7 17. Rfe1 f4 18. d4 exd4 19. cxd4 Ne7 20. Rac1 Rac8 21. Rxc7
Rxc7 22. d5 Bf7 23. e5 Nxd5 24. exd6 Rb7 25. Ne4 a5 26. Nc5 Ra7 27. d7 Nc3 28.
Re8+ 1-0

[Event "Herlev "]
[Site "Herlev"]
[Date "1997.??.??"]
[Round "5"]
[White "Hartung Nielsen, Jens"]
[Black "Rugholm, Lars"]
[Result "1/2-1/2"]
[WhiteElo "2235"]
[BlackElo "2030"]
[PlyCount "96"]
[EventDate "1997.??.??"]
[EventType "swiss"]
[EventRounds "9"]
[EventCountry "DEN"]
[Source "ChessBase"]
[SourceDate "1998.11.10"]

1. d4 e6 2. c4 b6 3. Nc3 Bb7 4. e4 Bb4 5. f3 f5 6. exf5 Nh6 7. Bxh6 Qh4+ 8. g3
Qxh6 9. Qd2 Qf6 10. fxe6 O-O 11. O-O-O dxe6 12. Bg2 c5 13. Nge2 Na6 14. d5 exd5
15. f4 Rad8 16. Bxd5+ Bxd5 17. cxd5 Nc7 18. Qd3 Rfe8 19. Qf3 a6 20. g4 b5 21.
Ne4 Qf7 22. Ng5 Qe7 23. d6 Rxd6 24. Rxd6 Qxd6 25. Rd1 Qe7 26. Qd3 g6 27. Ng3 c4
28. Qd7 Bc5 29. Kb1 Be3 30. Qxe7 Rxe7 31. Re1 h6 32. Nf3 Nd5 33. f5 Bf4 34.
Rxe7 Nxe7 35. Ne2 Bd6 36. fxg6 Nxg6 37. Ned4 Ne5 38. Nxe5 Bxe5 39. Nf3 Bf6 40.
Kc2 Kf7 41. a4 Ke6 42. axb5 axb5 43. h4 Kd5 44. g5 hxg5 45. hxg5 Bg7 46. Nd2
Kd4 47. Nb1 b4 48. Nd2 c3 1/2-1/2

[Event "Herlev "]
[Site "Herlev"]
[Date "1997.??.??"]
[Round "3"]
[White "Hartung Nielsen, Jens"]
[Black "Olsen, Heini"]
[Result "0-1"]
[WhiteElo "2245"]
[BlackElo "2300"]
[PlyCount "70"]
[EventDate "1997.??.??"]
[EventType "swiss"]
[EventRounds "9"]
[EventCountry "DEN"]
[Source "ChessBase"]
[SourceDate "1998.11.10"]

1. d4 Nf6 2. c4 g6 3. Nc3 Bg7 4. Bg5 c5 5. d5 d6 6. e4 h6 7. Bh4 O-O 8. Nf3 e6
9. Be2 exd5 10. cxd5 g5 11. Bg3 Nh5 12. Nd2 Nxg3 13. hxg3 f5 14. exf5 Bxf5 15.
O-O Nd7 16. Bg4 Bg6 17. Be6+ Kh8 18. Nde4 Nf6 19. Qe2 b5 20. Nd2 a6 21. b3 Ra7
22. Rac1 Re7 23. Nce4 Nxe4 24. Nxe4 Bf5 25. Rfd1 Bxe6 26. dxe6 Rxe6 27. Qd3 Bd4
28. Rf1 Qe7 29. Nc3 Rxf2 30. Rxf2 Re1+ 31. Rxe1 Qxe1+ 32. Kh2 Qxf2 33. Ne2 Qe3
34. Qd1 Be5 35. Qf1 Kg7 0-1

[Event "Herlev "]
[Site "Herlev"]
[Date "1997.??.??"]
[Round "8"]
[White "Hartvig, Ove Weiss"]
[Black "Stojanovski, Sandi"]
[Result "1-0"]
[WhiteElo "2290"]
[BlackElo "2230"]
[PlyCount "89"]
[EventDate "1997.??.??"]
[EventType "swiss"]
[EventRounds "9"]
[EventCountry "DEN"]
[Source "ChessBase"]
[SourceDate "1998.11.10"]

1. e4 Nf6 2. Nc3 e5 3. f4 d5 4. fxe5 Nxe4 5. d3 Nxc3 6. bxc3 c5 7. Nf3 Nc6 8.
Be2 Be7 9. O-O O-O 10. Bf4 Bf5 11. Qe1 Qd7 12. h3 Nd8 13. Nh4 Bxh4 14. Qxh4 Ne6
15. Bh2 Bg6 16. Bf3 Rac8 17. c4 dxc4 18. Qxc4 Qd4+ 19. Qxd4 cxd4 20. Rf2 Rc5
21. Bxb7 Rb8 22. Ba6 Rb2 23. Bc4 Rxc4 24. dxc4 Bxc2 25. Bf4 d3 26. Be3 a6 27.
Raf1 Rb7 28. Rc1 Rb2 29. c5 Kf8 30. c6 Ke8 31. Rcf1 Rb5 32. Rxf7 Rxe5 33. R7f3
Ba4 34. c7 Kd7 35. Rf7+ Kc8 36. Bb6 d2 37. R7f2 Kb7 38. Rxd2 Nxc7 39. Bxc7 Kxc7
40. Rf7+ Kc6 41. Rxg7 h5 42. Rg6+ Kb5 43. h4 a5 44. Rg5 Rc5 45. Rdd5 1-0

[Event "Herlev "]
[Site "Herlev"]
[Date "1997.??.??"]
[Round "4"]
[White "Hartvig, Ove Weiss"]
[Black "Larsen, Peter"]
[Result "0-1"]
[WhiteElo "2290"]
[BlackElo "2215"]
[PlyCount "128"]
[EventDate "1997.??.??"]
[EventType "swiss"]
[EventRounds "9"]
[EventCountry "DEN"]
[Source "ChessBase"]
[SourceDate "1998.11.10"]

1. Nf3 f5 2. e4 fxe4 3. Ng5 d5 4. d3 Qd6 5. Nc3 c6 6. dxe4 d4 7. Bc4 dxc3 8.
Bf7+ Kd7 9. Bf4 e5 10. Bxe5 Qd2+ 11. Qxd2+ cxd2+ 12. Kxd2 Ke7 13. Bb3 Nh6 14.
Rae1 Na6 15. f4 Nc5 16. Bc4 Ne6 17. h4 Ng4 18. Bc3 h6 19. Nh3 Nc5 20. f5 b5 21.
Be2 Nf6 22. Bf3 Kd8 23. Nf4 b4 24. Bd4 Kc7 25. g4 Be7 26. Kc1 Rd8 27. Bf2 a5
28. Ng6 Nfxe4 29. Bxe4 Nxe4 30. Rxe4 Bf6 31. Nf4 c5 32. Rc4 Kb6 33. Re1 Bd4 34.
Bxd4 cxd4 35. Ne6 Bxe6 36. Rxe6+ Kb5 37. Rcc6 d3 38. b3 dxc2 39. Rb6+ Kc5 40.
Rec6+ Kd4 41. Kxc2 Ke3 42. Rd6 Rac8+ 43. Kd1 Kf4 44. Rxd8 Rxd8+ 45. Kc2 Kxg4
46. Rg6+ Kxh4 47. Rxg7 Rf8 48. a3 bxa3 49. Kb1 Rxf5 50. Ka2 h5 51. Kxa3 Rg5 52.
Rb7 Rf5 53. Ka4 Kg3 54. b4 axb4 55. Kxb4 h4 56. Rg7+ Kf2 57. Rh7 Rf4+ 58. Kc3
Rf3+ 59. Kd4 h3 60. Ke4 Kg2 61. Rg7+ Rg3 62. Ra7 h2 63. Ra2+ Kh3 64. Ra1 Rg1
0-1

[Event "Herlev "]
[Site "Herlev"]
[Date "1997.??.??"]
[Round "5"]
[White "Hartvig, Ove Weiss"]
[Black "Aagaard, Jacob"]
[Result "0-1"]
[WhiteElo "2290"]
[BlackElo "2435"]
[PlyCount "82"]
[EventDate "1997.??.??"]
[EventType "swiss"]
[EventRounds "9"]
[EventCountry "DEN"]
[Source "ChessBase"]
[SourceDate "1998.11.10"]

1. e4 c5 2. Nc3 Nc6 3. g3 g6 4. Bg2 Bg7 5. d3 d6 6. Be3 e6 7. Qd2 Qa5 8. Nf3
Nd4 9. O-O Ne7 10. Bf4 e5 11. Nxd4 cxd4 12. Nd5 Qxd2 13. Bxd2 Nxd5 14. exd5 Bf5
15. Bb4 Kd7 16. f3 g5 17. f4 exf4 18. gxf4 g4 19. Be4 Bxe4 20. dxe4 Rac8 21. e5
Rxc2 22. Bxd6 Rhc8 23. Ba3 b5 24. Rae1 d3 25. f5 d2 26. e6+ Kd8 27. Rd1 Bh6 28.
f6 Ke8 29. d6 fxe6 30. Bb4 Kf7 31. Ba5 Be3+ 32. Kg2 Bb6 33. Bxd2 Be3 34. Kh1
Bxd2 35. Rf2 Ba5 36. d7 R8c6 37. Rxc2 Rxc2 38. d8=Q Bxd8 39. Rxd8 Kxf6 40. Rd7
a5 41. Rxh7 Rxb2 0-1

[Event "Herlev "]
[Site "Herlev"]
[Date "1997.??.??"]
[Round "2"]
[White "Hartvig, Ove Weiss"]
[Black "Hoi, Carsten"]
[Result "1-0"]
[WhiteElo "2290"]
[BlackElo "2420"]
[PlyCount "107"]
[EventDate "1997.??.??"]
[EventType "swiss"]
[EventRounds "9"]
[EventCountry "DEN"]
[Source "ChessBase"]
[SourceDate "1998.11.10"]

1. e4 e5 2. Nf3 Nc6 3. Bb5 g6 4. O-O Bg7 5. c3 d6 6. Qe2 Bd7 7. Rd1 Nf6 8. d4
Qe7 9. d5 Nd8 10. Bg5 O-O 11. Bxd7 Qxd7 12. Bxf6 Bxf6 13. c4 b6 14. Nc3 a5 15.
b3 Be7 16. a3 f5 17. b4 Nf7 18. Ne1 f4 19. Nd3 h5 20. c5 Kg7 21. Rdc1 g5 22.
Qxh5 Rh8 23. Qe2 g4 24. c6 Qc8 25. f3 g3 26. hxg3 fxg3 27. Qe1 Bh4 28. Kf1 Kf6
29. Ke2 Bg5 30. Rc2 axb4 31. axb4 Rxa1 32. Qxa1 Rh2 33. Ne1 Rh1 34. Kd3 Qh8 35.
Nb5 Qd8 36. Re2 Nh8 37. Qa7 Ng6 38. Kc4 Nf4 39. Rc2 Rxe1 40. Nxc7 Rh1 41. Na8
Nxd5 42. exd5 Be3 43. c7 Qd7 44. Qa6 Qf5 45. c8=Q Qxc2+ 46. Kb5 Qxg2 47. Qe6+
Kg5 48. Qg4+ Kh6 49. Qb7 Qe2+ 50. Kc6 Qc2+ 51. Kxd6 Qg6+ 52. Qxg6+ Kxg6 53. Qc8
Rh6 54. Kxe5 1-0

[Event "Herlev "]
[Site "Herlev"]
[Date "1997.??.??"]
[Round "5"]
[White "Henrichsen, Jens"]
[Black "Sperber, Lennart"]
[Result "1-0"]
[WhiteElo "2100"]
[BlackElo "1875"]
[PlyCount "57"]
[EventDate "1997.??.??"]
[EventType "swiss"]
[EventRounds "9"]
[EventCountry "DEN"]
[Source "ChessBase"]
[SourceDate "1998.11.10"]

1. d4 f5 2. g3 Nf6 3. Bg2 g6 4. c3 d6 5. Qb3 c6 6. Nd2 Bg7 7. Nh3 Na6 8. Ng5 d5
9. Ndf3 O-O 10. Ne5 Ng4 11. Nd3 h6 12. Nf3 g5 13. h4 gxh4 14. Rxh4 b6 15. Bf4
e6 16. Nde5 c5 17. Rh1 cxd4 18. cxd4 Nc7 19. Nxg4 fxg4 20. Ne5 Ba6 21. Qe3 Rf6
22. Nxg4 Rg6 23. Nxh6+ Kf8 24. Bf3 Nb5 25. Be5 Bxe5 26. Qxe5 Qg5 27. Ng4 Kf7
28. Rh7+ Rg7 29. Qxg5 1-0

[Event "Herlev "]
[Site "Herlev"]
[Date "1997.??.??"]
[Round "9"]
[White "Henrichsen, Jens"]
[Black "Nielsen, Morten"]
[Result "1-0"]
[WhiteElo "2100"]
[BlackElo "2005"]
[PlyCount "85"]
[EventDate "1997.??.??"]
[EventType "swiss"]
[EventRounds "9"]
[EventCountry "DEN"]
[Source "ChessBase"]
[SourceDate "1998.11.10"]

1. d4 Nf6 2. Nf3 g6 3. c4 c5 4. d5 b5 5. cxb5 a6 6. bxa6 Bg7 7. Nc3 Bxa6 8. e4
Bxf1 9. Kxf1 d6 10. g3 O-O 11. Kg2 Nbd7 12. h3 Ra7 13. Re1 Qa8 14. Qc2 Rb8 15.
b3 Ne8 16. Bb2 Nc7 17. Rab1 Nb6 18. Re2 e6 19. dxe6 fxe6 20. h4 Qc6 21. h5 d5
22. hxg6 hxg6 23. e5 Qe8 24. a3 Nd7 25. Na4 Na6 26. Nh4 g5 27. Nf3 g4 28. Nh4
Qh5 29. Rbe1 Rf8 30. Qg6 Qxg6 31. Nxg6 Rf3 32. Nf4 Rxb3 33. Nxe6 c4 34. Nxg7
Nc7 35. e6 Nxe6 36. Nxe6 Rxa4 37. Ng5 Rd3 38. Re8+ Nf8 39. R1e7 c3 40. Bxc3
Rxc3 41. Ne6 Rf3 42. Rg7+ Kh8 43. Rxg4 1-0

[Event "Herlev "]
[Site "Herlev"]
[Date "1997.??.??"]
[Round "1"]
[White "Henrichsen, Jens"]
[Black "Hartung Nielsen, Jens"]
[Result "1/2-1/2"]
[WhiteElo "1975"]
[BlackElo "2200"]
[PlyCount "63"]
[EventDate "1997.??.??"]
[EventType "swiss"]
[EventRounds "9"]
[EventCountry "DEN"]
[Source "ChessBase"]
[SourceDate "1998.11.10"]

1. d4 f5 2. g3 Nf6 3. Bg2 e6 4. Nf3 Be7 5. O-O O-O 6. c4 Ne4 7. Qc2 Bf6 8. Nc3
d5 9. Bf4 c6 10. Be5 Nd7 11. Bxf6 Qxf6 12. e3 b6 13. Qa4 Nxc3 14. bxc3 Qe7 15.
cxd5 cxd5 16. c4 Bb7 17. cxd5 Bxd5 18. Rac1 Qd6 19. Rc3 Rfc8 20. Rfc1 Rxc3 21.
Rxc3 a6 22. Qc2 h6 23. Rc8+ Rxc8 24. Qxc8+ Kh7 25. Ne5 Nxe5 26. dxe5 Qxe5 27.
Bxd5 Qxd5 28. Qxa6 b5 29. Qb6 e5 30. h4 h5 31. Qb8 e4 32. Kg2 1/2-1/2